LEADER 00808cam0 2200241 450 001 000007440 005 20181004120811.0 100 $a20070131d1959----km-y0itay50------ba 101 0 $afre 102 $aFR 105 $ay-------001yy 200 1 $aTraité pratique de la rupture du contrat de travail$erésiliation unilatérale$edélai-congé$erupture abusive ...$fG.H. Camerlynck 210 $aParis$cLibrerie technique$d1959 215 $a294 p.$d24 cm. 410 0$12001 610 1 $aLicenziamento-Giurisprudenza-Francia 676 $a331.13$v20 700 1$aCamerlynck,$bGuillaume Henri$0567507 801 0$aIT$bUNIPARTHENOPE$c20070131$gRICA$2UNIMARC 912 $a000007440 951 $a331.13/100$cNAVA4$d2007 996 $aTraité pratique de la rupture du contrat de travail$91205592 997 $aUNIPARTHENOPE